Algunos problemas de régimen jurídico local en torno a la acción popular / (Record no. 110191)

MARC details
000 -LEADER
campo de control de longitud fija 00647nam a2200181 4500
001 - NÚMERO DE CONTROL
campo de control 110191
003 - IDENTIFICADOR DE NÚMERO DE CONTROL
campo de control ES-MaACL
005 - FECHA Y HORA DE LA ÚLTIMA TRANSACCIÓN
campo de control 20260113174039.0
007 - CAMPO FIJO DE DESCRIPCIÓN FÍSICA--INFORMACIÓN GENERAL
campo de control de longitud fija t|
008 - DATOS DE LONGITUD FIJA--INFORMACIÓN GENERAL
campo de control de longitud fija 061121s1958 sp r ||||1| spa d
100 1# - ENTRADA PRINCIPAL--NOMBRE DE PERSONA
Nombre de persona Orden Domínguez, Antonio de la.
9 (RLIN) 87177
245 10 - MENCIÓN DEL TÍTULO
Título Algunos problemas de régimen jurídico local en torno a la acción popular /
Mención de responsabilidad, etc. Antonio de la Orden Domínguez ; prólogo de Manuel F. Clavero Arévalo.
260 ## - PUBLICACIÓN, DISTRIBUCIÓN, ETC.
Lugar de publicación, distribución, etc. Sevilla :
Nombre del editor, distribuidor, etc. [s.n.],
Fecha de publicación, distribución, etc. 1958 (
Fabricante Imp. Municipal)
300 ## - DESCRIPCIÓN FÍSICA
Extensión 127 p. ;
Dimensiones 21 cm.
700 1# - ENTRADA AGREGADA--NOMBRE PERSONAL
Nombre de persona Clavero Arévalo, Manuel,
Fechas asociadas al nombre 1926-
9 (RLIN) 39131
852 ## - LOCALIZACIÓN
Ubicación ES-MaACL
Número de control de estantería C-16103
Sublocalización o colección R.43268
Holdings
Estatus retirado Estado de pérdida Estado de daño No para préstamo Biblioteca de origen Biblioteca actual Ubicación en estantería Fecha de adquisición Fuente de adquisición Total de préstamos Signatura topográfica completa Código de barras Visto por última vez Precio de reemplazo Tipo de ítem Koha
        Biblioteca del Ateneo de Madrid Biblioteca del Ateneo de Madrid Ficheros 17/01/2008     C-16103 1114961 23/02/2023 23/02/2023 Libro impreso